The great nowhere, (Record no. 16790)

MARC details
000 -LEADER
fixed length control field 00585cam a22002171 4500
001 - CONTROL NUMBER
control field ca 31000300
003 - CONTROL NUMBER IDENTIFIER
control field DLC
005 - DATE AND TIME OF LATEST TRANSACTION
control field 20260227111125.0
008 - FIXED-LENGTH DATA ELEMENTS--GENERAL INFORMATION
fixed length control field 800529s1931 tnu 000 0 eng
010 ## - LIBRARY OF CONGRESS CONTROL NUMBER
LC control number ca 31000300
035 ## - SYSTEM CONTROL NUMBER
System control number (OCoLC)6369218
040 ## - CATALOGING SOURCE
Original cataloging agency DLC
Transcribing agency AU
Modifying agency DLC
042 ## - AUTHENTICATION CODE
Authentication code premarc
050 00 - LIBRARY OF CONGRESS CALL NUMBER
Classification number PS3525.I83
Item number G7 1931
082 ## - DEWEY DECIMAL CLASSIFICATION NUMBER
Classification number 812
100 1# - MAIN ENTRY--PERSONAL NAME
Personal name Miremont, Ernest Pierre.
245 14 - TITLE STATEMENT
Title The great nowhere,
Statement of responsibility, etc. by Ernest Pierre Miremont ...
260 ## - PUBLICATION, DISTRIBUTION, ETC.
Place of publication, distribution, etc. Memphis, Tenn.,
Name of publisher, distributor, etc. Southern Drama Company,
Date of publication, distribution, etc. c 1931.
300 ## - PHYSICAL DESCRIPTION
Extent 2 p. l., 3-50 p.
Dimensions 20 cm.
500 ## - GENERAL NOTE
General note A play.

No items available.

Powered by Koha